000 01424nam a2200349Ia 4500
001 ebr10567017
003 CaPaEBR
006 m u
007 cr cn|||||||||
008 000811s2000 enk sb 001 0 eng d
010 _z 00700339
020 _z0761967265
020 _z0761967273
020 _z9780761967279
020 _z9781446265109
040 _aCaPaEBR
_cCaPaEBR
035 _a(OCoLC)608290691
050 1 4 _aLB2822.84.G7
_bI675 2000eb
082 0 4 _a371.2/00941
_221
245 0 0 _aImproving schools and inspection
_h[electronic resource] :
_bthe self-inspecting school /
_cNeil Ferguson ... [et al.].
260 _aLondon :
_bP. Chapman ;
_aThousand Oaks, Calif. :
_bSAGE Publications,
_c2000.
300 _axvi, 172 p.
504 _aIncludes bibliographical references and index.
533 _aElectronic reproduction.
_bPalo Alto, Calif. :
_cebrary,
_d2011.
_nAvailable via World Wide Web.
_nAccess may be limited to ebrary affiliated libraries.
610 1 0 _aGreat Britain.
_bOffice for Standards in Education (England)
650 0 _aSchool improvement programs
_zGreat Britain.
650 0 _aSchool management and organization
_zGreat Britain.
655 7 _aElectronic books.
_2local
700 1 _aFerguson, Neil,
_d1947-
710 2 _aebrary, Inc.
856 4 0 _uhttp://site.ebrary.com/lib/rucke/Doc?id=10567017
_zAn electronic book accessible through the World Wide Web; click to view
999 _c200385
_d200385